Word Ladder: Speak Your Mind Quiz Stats

 Plays Quiz Updated Feb 17, 2012

Support Sporcle.
Go Orange.
Score 0/18 Timer 02:00
0 Plays Today
Clue 4-Letter Word % Correct
Skittish animal mesmerized by headlightsDEER
96.3%
A small pointed game piece to be used with a bullseyeDART
93.4%
SoilDIRT
93.3%
Book Quote: Frankly my [Rung 1], I [Rung 12] [Rung 18] a [Rung 8]◊DEAR◊
93.2%
FinishedDONE
93.1%
To locateFIND
90.8%
A fee charged for breaking a rule or lawFINE
89%
One less than the square root of 36FIVE
88.2%
Half-sphere shapedDOME
86.7%
Clue 4-Letter Word % Correct
Title of female knighthoodDAME
86.3%
Book Quote: Frankly my [Rung 1], I [Rung 12] [Rung 18] a [Rung 8]◊DON'T◊
86.3%
Book Quote: Frankly my [Rung 1], I [Rung 12] [Rung 18] a [Rung 8]◊DAMN◊
85.3%
Book Quote: Frankly my [Rung 1], I [Rung 12] [Rung 18] a [Rung 8]◊GIVE◊
81.6%
To mend a sockDARN
81%
A brand of insect repellantDEET
78.1%
The types of food you eat day to dayDIET
75.5%
Having an affection for somethingFOND
74.3%
A set of type of one particular face and sizeFONT
69.4%

Today's Daily Dose

You're not logged in!

Compare scores with friends on all Sporcle quizzes.
OR
Log In
Forgot?

From the Vault

100 Years of Movie Stars II: The Sequel

by kfastic

This is one long movie, but totally worth staying until the end.
Remove Ads.
Support Sporcle.
Get the best of Sporcle when you Go Orange. This ad-free experience offers more features, more stats, and more fun while also helping to support Sporcle. Thank you for becoming a member.

Show Comments

Extras

Top Quizzes Today


Score Distribution

Your Account Isn't Verified!

In order to create a playlist on Sporcle, you need to verify the email address you used during registration. Go to your Sporcle Settings to finish the process.

Report this User

Report this user for behavior that violates our Community Guidelines.

Details: